Middle Names - Statistics

General Stats
  • This quiz has been taken 44 times
  • The average score is 9 of 27
Answer Stats
First Name Answer (Middle Name) Surname % Correct
Donald John Trump
80%
Orenthal James Simpson
73%
Dwight David Eisenhower
70%
Jerome David Salinger
70%
John Fitzgerald Kennedy
65%
Richard Milhous Nixon
58%
Robert Edward Lee
55%
Franklin Delano Roosevelt
53%
Herbert George Wells
48%
Lyndon Baines Johnson
38%
John Edgar Hoover
35%
David Herbert Lawrence
35%
Arthur Charles Clarke
30%
James Matthew Barrie
28%
Winston Leonard Churchill
23%
William Somerset Maughan
23%
John Winston Lennon
23%
Samuel Leroy Jackson
20%
Joanne Kathleen Rowling
13%
Gilbert Keith Chesterton
13%
Jerome Klapka Jerome
13%
Ben Earl King
10%
Clive Staples Lewis
10%
Justin Drew Bieber
8%
Pelham Grenville Wosehouse
8%
Elton Hercules John
8%
Edward Goldenberg Robinson
3%
No matching quizzes found
Score Distribution
Percent of People with Each Score
Percentile by Number Answered
Your Score History
You have not taken this quiz